[Event "Hyeres"]
[Site "Hyeres"]
[Date "2008.07.10"]
[Round "6"]
[White "Brongers, Henk"]
[Black "Kleinplatz, Sam"]
[Result "1-0"]
[WhiteElo "2070"]
[BlackElo "2265"]
[PlyCount "115"]
[EventDate "2008.07.07"]
[EventType "tourn"]
[EventRounds "7"]
[EventCountry "FRA"]
[SourceTitle "EXT 2012"]
[Source "ChessBase"]
[SourceDate "2011.11.24"]
[SourceVersion "1"]
[SourceVersionDate "2011.11.24"]
[SourceQuality "1"]

1. e4 d5 2. exd5 Nf6 3. c4 e6 4. dxe6 Bxe6 5. Be2 Nc6 6. Nf3 Bc5 7. d3 Qe7 8. 0-0 0-0-0 9. Nbd2 g5 10. Nb3 g4 11. Ne1 Rhg8 12. Nxc5 Qxc5 13. Be3 Qe5 14. Nc2 Bxc4 15. Re1 Qf5 16. d4 Bxe2 17. Qxe2 Nd5 18. Qc4 Nb6 19. Qc3 Qd5 20. b3 h5 21. Rac1 h4 22. Nb4 Qd6 23. Nxc6 bxc6 24. Qxc6 Qxc6 25. Rxc6 Nd5 26. Bd2 h3 27. Rc5 Rd6 28. b4 f6 29. b5 Kd7 30. Kf1 Rg7 31. g3 Re7 32. Rxe7+ Kxe7 33. Ke2 Ke6 34. Kd3 a6 35. a4 axb5 36. Rxb5 Ra6 37. a5 f5 38. Kc4 c6 39. Rb7 Nf6 40. Rb6 Rxb6 41. axb6 Kd7 42. Bf4 Kc8 43. Kc5 Kb7 44. Kd6 Ne4+ 45. Ke6 Nxf2 46. Kxf5 Kxb6 47. Be3 Nd1 48. Bg1 Kc7 49. Kxg4 Kd6 50. Kxh3 Ke6 51. Kg4 Nc3 52. h4 Ne4 53. h5 Nf6+ 54. Kg5 Ne4+ 55. Kg6 Nxg3 56. h6 Nf5 57. h7 Ne7+ 58. Kg5 1-0

[Event "Quebec-ch op"]
[Site "Montreal"]
[Date "2006.07.14"]
[Round "8"]
[White "Kleinplatz, Sam"]
[Black "Luksza, Arkadiusz"]
[Result "1-0"]
[WhiteElo "2266"]
[BlackElo "2131"]
[PlyCount "68"]
[EventDate "2006.07.07"]
[EventType "swiss"]
[EventRounds "9"]
[EventCountry "CAN"]
[SourceTitle "CBM 113 Extra"]
[Source "ChessBase"]
[SourceDate "2006.09.14"]
[SourceVersion "1"]
[SourceVersionDate "2006.09.14"]
[SourceQuality "1"]

1. Nf3 Nf6 2. c4 g6 3. Nc3 d5 4. cxd5 Nxd5 5. Qa4+ Nc6 6. Ne5 Nxc3 7. dxc3 Bd7 8. Nxd7 Qxd7 9. e4 a6 10. Bf4 Rd8 11. Be2 Bg7 12. Rd1 Qe6 13. Bxc7 Rxd1+ 14. Bxd1 0-0 15. 0-0 Qc8 16. Bb6 Ne5 17. Be2 Nd7 18. Be3 e5 19. Rd1 Nc5 20. Qc4 Ne6 21. Qxc8 Rxc8 22. Bg4 Rd8 23. Rxd8+ Nxd8 24. Bc8 Kf8 25. Kf1 Ke8 26. Bc5 Bf8 27. Bxf8 Kxf8 28. c4 Ke7 29. c5 a5 30. Ke2 Ne6 31. Bxe6 fxe6 32. Kd3 Kd7 33. Kc4 Kc6 34. b3 h6 1-0

[Event "Montreal Autumn Knights"]
[Site "Montreal"]
[Date "2002.11.06"]
[Round "4"]
[White "Kleinplatz, Sam"]
[Black "Tomb, Maroun"]
[Result "1-0"]
[WhiteElo "2316"]
[BlackElo "2210"]
[PlyCount "89"]
[EventDate "2002.10.16"]
[EventType "tourn"]
[EventRounds "9"]
[EventCountry "CAN"]
[SourceTitle "EXT 2006"]
[Source "ChessBase"]
[SourceDate "2005.11.24"]
[SourceVersion "1"]
[SourceVersionDate "2005.11.24"]
[SourceQuality "1"]

1. e4 Nc6 2. Nf3 d6 3. d4 Nf6 4. Nc3 Bg4 5. Bg5 e6 6. d5 Ne5 7. Bb5+ c6 8. dxc6 bxc6 9. Be2 Bxf3 10. Bxf3 Rb8 11. b3 d5 12. 0-0 Be7 13. Bf4 Nfd7 14. Re1 Rc8 15. exd5 Nxf3+ 16. Qxf3 cxd5 17. Nxd5 0-0 18. Nxe7+ Qxe7 19. c4 Rfe8 20. Qb7 Nf8 21. Qxe7 Rxe7 22. Rad1 Rb7 23. Rd6 f6 24. Red1 Kf7 25. Rd8 Rxd8 26. Rxd8 Rd7 27. Rxd7+ Nxd7 28. Kf1 e5 29. Be3 a6 30. Ke2 Ke6 31. Kd3 f5 32. f3 h6 33. b4 Kd6 34. a4 g5 35. b5 axb5 36. cxb5 h5 37. a5 g4 38. a6 Kc7 39. Kc4 gxf3 40. gxf3 Nf6 41. b6+ Kb8 42. Bc5 Nd7 43. Bd6+ Ka8 44. b7+ Ka7 45. Kd5 1-0

[Event "FRA-chT"]
[Site "France"]
[Date "1998.05.08"]
[Round "8"]
[White "Kleinplatz, Sam"]
[Black "Kosten, Anthony C"]
[Result "0-1"]
[WhiteElo "2335"]
[BlackElo "2535"]
[PlyCount "84"]
[EventDate "1998.02.06"]
[EventType "team"]
[EventRounds "11"]
[EventCountry "FRA"]
[SourceTitle "CBM 064 Extra"]
[Source "ChessBase"]
[SourceDate "1998.07.07"]
[SourceVersion "1"]
[SourceVersionDate "1998.07.07"]
[SourceQuality "1"]

1. d4 Nf6 2. c4 e6 3. Nf3 b6 4. Bf4 Bb7 5. e3 Bb4+ 6. Nfd2 Be7 7. Nc3 d5 8. Rc1 dxc4 9. Bxc4 0-0 10. 0-0 a6 11. Be2 Nbd7 12. Bf3 Bxf3 13. Qxf3 c5 14. Nc4 b5 15. Ne5 Nxe5 16. dxe5 Nd7 17. Ne4 Qa5 18. Rfd1 Rad8 19. a3 c4 20. Qg3 Kh8 21. Bg5 f6 22. exf6 gxf6 23. Bf4 e5 24. Bh6 Rg8 25. Qh3 Qc7 26. Qe6 Nc5 27. Nxc5 Qxc5 28. Rxd8 Rxd8 29. Qf7 Rg8 30. Rd1 c3 31. bxc3 Qc4 32. Qxc4 bxc4 33. e4 Bxa3 34. Rd7 Bb2 35. Rc7 a5 36. Rxc4 Ra8 37. Rc7 a4 38. Bg7+ Kg8 39. Bxf6 a3 40. Rg7+ Kf8 41. Rxh7 Ra6 42. Be7+ Kg8 0-1

[Event "Toulouse op"]
[Site "Toulouse "]
[Date "1997.??.??"]
[Round "2"]
[White "Cesbron, Guy"]
[Black "Kleinplatz, Sam"]
[Result "1/2-1/2"]
[WhiteElo "2175"]
[BlackElo "2345"]
[PlyCount "107"]
[EventDate "1997.??.??"]
[EventType "swiss"]
[EventRounds "7"]
[EventCountry "FRA"]
[SourceTitle "EXT 2004"]
[Source "ChessBase"]
[SourceDate "2003.11.25"]
[SourceVersion "1"]
[SourceVersionDate "2003.11.25"]
[SourceQuality "1"]

1. e4 c5 2. d4 cxd4 3. c3 g6 4. cxd4 d5 5. exd5 Nf6 6. Nc3 Bg7 7. Qb3 0-0 8. Be2 Nbd7 9. Bf3 Nb6 10. Nge2 Bf5 11. 0-0 Bd3 12. Qd1 Ba6 13. Re1 Nbxd5 14. Nxd5 Nxd5 15. Nc3 Nb4 16. Be3 Nd3 17. Re2 e5 18. dxe5 Nxe5 19. Rd2 Qa5 20. Rd5 Nxf3+ 21. Qxf3 Qb4 22. Rd2 Bc4 23. Nd5 Bxd5 24. Qxd5 Rac8 25. a3 Qe7 26. Rad1 Rfe8 27. g3 b6 28. Qb5 Qe4 29. Rd7 Qf3 30. Qd3 Bf6 31. Qd5 Qxd5 32. R1xd5 Rcd8 33. b3 Rxd7 34. Rxd7 Re7 35. Rd6 Kg7 36. Bd4 Bxd4 37. Rxd4 Kf6 38. Kg2 Ke5 39. Rd3 Rc7 40. Kf3 f5 41. Ke3 Rc2 42. f4+ Ke6 43. h4 Rc5 44. Kf3 a5 45. a4 Rd5 46. Rc3 Kd6 47. g4 fxg4+ 48. Kxg4 h5+ 49. Kf3 Rd1 50. Ke4 Re1+ 51. Kd4 Rg1 52. Ke4 Rg4 53. Rd3+ Ke6 54. Rc3 1/2-1/2

[Event "Cannes op"]
[Site "Cannes"]
[Date "1996.??.??"]
[Round "7"]
[White "Golubovic, Boris"]
[Black "Kleinplatz, Sam"]
[Result "1/2-1/2"]
[WhiteElo "2385"]
[BlackElo "2345"]
[PlyCount "83"]
[EventDate "1996.02.??"]
[EventType "swiss"]
[EventRounds "9"]
[EventCountry "FRA"]
[SourceTitle "CBM 051 Extra"]
[Source "ChessBase"]
[SourceDate "1996.05.01"]
[SourceVersion "1"]
[SourceVersionDate "1996.05.01"]
[SourceQuality "1"]

1. c4 Nf6 2. Nf3 g6 3. Nc3 d5 4. d4 Bg7 5. Bg5 Ne4 6. cxd5 Nxg5 7. Nxg5 c6 8. Qb3 0-0 9. Nf3 cxd5 10. e3 Nc6 11. Qxd5 e5 12. Qxd8 Rxd8 13. dxe5 Nxe5 14. Nd4 Nc6 15. Nxc6 bxc6 16. Rc1 Be6 17. b3 Bf8 18. Be2 Bb4 19. Ba6 Rd5 20. 0-0 Ra5 21. Bb7 Rb8 22. Bxc6 Ba3 23. Rc2 Rc5 24. Be4 Bf5 25. Bxf5 gxf5 26. Rd1 Rbc8 27. g3 Rxc3 28. Rxc3 Rxc3 29. Rd5 Rc5 30. Rd4 a5 31. Ra4 Bb4 32. a3 Be1 33. Kf1 Rc1 34. Ke2 Ra1 35. Rc4 Kg7 36. Rc6 Kf8 37. Rc5 Ke7 38. Rxf5 Bc3 39. Kd3 Be1 40. Ke2 Bc3 41. Kd3 Be1 42. Ke2 1/2-1/2

[Event "Cannes op"]
[Site "Cannes"]
[Date "1996.??.??"]
[Round "5"]
[White "Kleinplatz, Sam"]
[Black "Barlov, Dragan"]
[Result "1-0"]
[WhiteElo "2345"]
[BlackElo "2460"]
[PlyCount "97"]
[EventDate "1996.02.??"]
[EventType "swiss"]
[EventRounds "9"]
[EventCountry "FRA"]
[SourceTitle "CBM 051 Extra"]
[Source "ChessBase"]
[SourceDate "1996.05.01"]
[SourceVersion "1"]
[SourceVersionDate "1996.05.01"]
[SourceQuality "1"]

1. d4 d6 2. e4 g6 3. Nc3 Bg7 4. Nf3 a6 5. a4 b6 6. Bc4 e6 7. 0-0 Ne7 8. Re1 h6 9. Bf4 Bb7 10. Qd2 Nd7 11. Bb3 g5 12. Bg3 Ng6 13. h3 Nf6 14. e5 Nh5 15. d5 Nxg3 16. fxg3 0-0 17. dxe6 Bxf3 18. exd6 cxd6 19. exf7+ Kh8 20. gxf3 Ne5 21. Kg2 Rc8 22. Rad1 Nc4 23. Bxc4 Rxc4 24. Re6 Qd7 25. Qe2 Qxf7 26. Rdxd6 Rcc8 27. Qe4 Qf5 28. Qxf5 Rxf5 29. Re3 b5 30. Re2 Rfc5 31. axb5 axb5 32. Rb6 Bxc3 33. bxc3 Rxc3 34. Rxh6+ Kg7 35. Rb6 Rxc2 36. Kf2 Rxe2+ 37. Kxe2 Rc5 38. Kd3 Kf7 39. Kd4 Rf5 40. Ke4 Rc5 41. Rd6 Rc8 42. Kf5 Rb8 43. Rd7+ Kg8 44. Kxg5 b4 45. Rd2 b3 46. Rb2 Rb4 47. f4 Kf7 48. Kf5 Kg7 49. Ke5 1-0

[Event "Cannes op"]
[Site "Cannes"]
[Date "1996.??.??"]
[Round "3"]
[White "Kleinplatz, Sam"]
[Black "Lazovic, Gordan"]
[Result "1-0"]
[WhiteElo "2345"]
[BlackElo "2325"]
[PlyCount "91"]
[EventDate "1996.02.??"]
[EventType "swiss"]
[EventRounds "9"]
[EventCountry "FRA"]
[SourceTitle "CBM 051 Extra"]
[Source "ChessBase"]
[SourceDate "1996.05.01"]
[SourceVersion "1"]
[SourceVersionDate "1996.05.01"]
[SourceQuality "1"]

1. d4 d5 2. c4 e6 3. Nc3 c6 4. cxd5 exd5 5. Qc2 Na6 6. a3 Nf6 7. Bg5 Nc7 8. e3 Be7 9. Bd3 Ne6 10. Bh4 g6 11. Nf3 Ng7 12. b4 a6 13. 0-0 0-0 14. Rab1 Bf5 15. Bxf6 Bxf6 16. Na4 Bxd3 17. Qxd3 Nf5 18. Rfc1 Nd6 19. Nb2 a5 20. Qb3 Ra7 21. Ra1 Qa8 22. a4 axb4 23. Qxb4 Rd8 24. Ne5 Ra6 25. Nbd3 Bxe5 26. dxe5 Nc4 27. Nc5 Rb6 28. Qc3 Qa5 29. Qxa5 Nxa5 30. Rab1 Rxb1 31. Rxb1 Rb8 32. f4 b5 33. Rb4 Nc4 34. e4 dxe4 35. Nxe4 Kf8 36. axb5 cxb5 37. Nc3 Na3 38. Kf2 Rc8 39. Rb3 b4 40. Nd5 Rc4 41. Rxb4 Rxb4 42. Nxb4 Ke7 43. g4 Ke6 44. Nc6 g5 45. f5+ Kd5 46. e6 1-0

[Event "Cannes op"]
[Site "Cannes"]
[Date "1995.??.??"]
[Round "9"]
[White "Kleinplatz, Sam"]
[Black "Levacic, Patrick"]
[Result "1/2-1/2"]
[WhiteElo "2365"]
[BlackElo "2340"]
[PlyCount "178"]
[EventDate "1995.02.??"]
[EventType "swiss"]
[EventRounds "9"]
[EventCountry "FRA"]
[SourceTitle "CBM 046 Extra"]
[Source "ChessBase"]
[SourceDate "1995.07.01"]
[SourceVersion "1"]
[SourceVersionDate "1995.07.01"]
[SourceQuality "1"]

1. d4 Nf6 2. c4 g6 3. Nc3 Bg7 4. e4 0-0 5. Be2 d6 6. Bg5 Nbd7 7. Qd2 c6 8. Nf3 Qe8 9. 0-0 e5 10. dxe5 dxe5 11. Qd6 h6 12. Bh4 Kh7 13. b4 Rg8 14. c5 Bf8 15. Qc7 Nh5 16. Nd2 Nf4 17. Nc4 a5 18. Nb6 Nxb6 19. Qxb6 axb4 20. Qxb4 Ne6 21. Rad1 Bxc5 22. Qb2 Bd4 23. Qc2 Qf8 24. Bg3 Qc5 25. Rc1 Ra3 26. Nb1 Qxc2 27. Rxc2 Ra5 28. Nd2 Rc5 29. Rfc1 Rxc2 30. Rxc2 f6 31. Kf1 Rd8 32. f3 Kg7 33. Nb3 Bb6 34. Bc4 Nd4 35. Rb2 Nxb3 36. Rxb3 Bc5 37. Ke2 b5 38. Bd3 Bd4 39. Ra3 Bb7 40. Bc2 Kf7 41. Be1 Ra8 42. Rxa8 Bxa8 43. a4 bxa4 44. Bxa4 f5 45. Ba5 f4 46. Kd3 Bb7 47. Bb3+ Ke7 48. Bc4 Bc8 49. Bb4+ c5 50. Ba5 Bd7 51. Be1 g5 52. h3 h5 53. Ke2 Ba4 54. Ba5 Kf6 55. Bd8+ Kg6 56. Be7 Bd7 57. Bd8 g4 58. hxg4 hxg4 59. Be7 g3 60. Bd8 Kg7 61. Be7 Bc8 62. Kf1 Bd7 63. Ke2 Be8 64. Kd3 Kg6 65. Ke2 Ba4 66. Bd8 Kg7 67. Be7 Be3 68. Ke1 Bf2+ 69. Ke2 Bd7 70. Kf1 Be8 71. Ke2 Bh5 72. Bd6 Kf6 73. Bc7 Bd4 74. Bd8+ Kg7 75. Be7 Bf7 76. Kd3 Bh5 77. Ke2 Be8 78. Kd3 Bd7 79. Ke2 Bf2 80. Bd6 Bd4 81. Be7 Be3 82. Bd6 Kf6 83. Bc7 Be6 84. Bd8+ Kf7 85. Bxe6+ Kxe6 86. Kd3 Bd4 87. Kc4 Kd6 88. Bb6 Be3 89. Ba7 Kc6 1/2-1/2

[Event "Cannes op"]
[Site "Cannes"]
[Date "1995.??.??"]
[Round "6"]
[White "Nikcevic, Nebojsa"]
[Black "Kleinplatz, Sam"]
[Result "1-0"]
[WhiteElo "2435"]
[BlackElo "2365"]
[PlyCount "87"]
[EventDate "1995.02.??"]
[EventType "swiss"]
[EventRounds "9"]
[EventCountry "FRA"]
[SourceTitle "CBM 046 Extra"]
[Source "ChessBase"]
[SourceDate "1995.07.01"]
[SourceVersion "1"]
[SourceVersionDate "1995.07.01"]
[SourceQuality "1"]

1. Nf3 Nf6 2. c4 g6 3. Nc3 d5 4. cxd5 Nxd5 5. Qa4+ Bd7 6. Qc2 Nb4 7. Qb3 c5 8. Ne4 Bg7 9. Nxc5 Qb6 10. Nxd7 Nxd7 11. a3 Nc6 12. Qxb6 axb6 13. Rb1 0-0 14. e3 Rfc8 15. Bb5 Ra5 16. Be2 e5 17. d3 Rd5 18. b4 Na7 19. Bb2 Nb5 20. d4 exd4 21. Bxb5 Rxb5 22. Nxd4 Rd5 23. 0-0 Ne5 24. e4 Rdd8 25. Nb5 Rd2 26. Bxe5 Bxe5 27. Rbd1 Rcd8 28. Rxd2 Rxd2 29. g3 g5 30. Rc1 g4 31. Rc8+ Kg7 32. Re8 Kf6 33. Rh8 Re2 34. Rxh7 Rxe4 35. Rh6+ Kf5 36. Rxb6 Re1+ 37. Kg2 Ke4 38. Rxb7 f6 39. Re7 Kd3 40. Rd7+ Kc4 41. Nd6+ Kb3 42. Nf5 Kxa3 43. Ne3 Re2 44. Kf1 1-0

[Event "Cannes op"]
[Site "Cannes"]
[Date "1995.??.??"]
[Round "1"]
[White "Skembris, Spyridon"]
[Black "Kleinplatz, Sam"]
[Result "0-1"]
[WhiteElo "2525"]
[BlackElo "2365"]
[PlyCount "164"]
[EventDate "1995.02.??"]
[EventType "swiss"]
[EventRounds "9"]
[EventCountry "FRA"]
[SourceTitle "CBM 046 Extra"]
[Source "ChessBase"]
[SourceDate "1995.07.01"]
[SourceVersion "1"]
[SourceVersionDate "1995.07.01"]
[SourceQuality "1"]

1. c4 Nf6 2. Nc3 d5 3. cxd5 Nxd5 4. Nf3 g6 5. e4 Nxc3 6. bxc3 Bg7 7. Bb5+ c6 8. Be2 c5 9. 0-0 Nc6 10. Qa4 Bd7 11. Qa3 Qa5 12. Rb1 b6 13. Rd1 0-0 14. d4 Qxa3 15. Bxa3 Bg4 16. Bb5 Rfc8 17. dxc5 bxc5 18. Ba6 Rc7 19. Rd5 e6 20. Rd3 Bxf3 21. Rxf3 Ne5 22. Re3 Rd8 23. f4 Bh6 24. g3 c4 25. Re2 Nd3 26. Rb5 Bf8 27. Bxf8 Kxf8 28. Rd2 Ke7 29. e5 Rd5 30. Rb8 Nxf4 31. Bb5 f6 32. exf6+ Kxf6 33. Rc2 Nd3 34. Re2 Re5 35. Rxe5 Nxe5 36. Rd8 Rb7 37. a4 a6 38. Bxa6 Rb3 39. Rf8+ Ke7 40. Rh8 Rxc3 41. Rxh7+ Kd6 42. Kf2 Ra3 43. Bb5 Kd5 44. h4 Kd4 45. Kg2 c3 46. Rc7 Ra2+ 47. Kh3 c2 48. h5 gxh5 49. Kh4 Ke3 50. Kxh5 Kd2 51. Kg5 Nf3+ 52. Kf4 Ra3 53. Rxc2+ Kxc2 54. g4 e5+ 55. Ke4 Kd2 56. Kd5 Kc3 57. Ke4 Kb4 58. Kf5 Ra1 59. Ke4 Nh2 60. g5 Rg1 61. Kxe5 Rxg5+ 62. Kf4 Rg7 63. Ke4 Rf7 64. Ke5 Nf1 65. Ke6 Rf2 66. Kd5 Nd2 67. Kd4 Nb1 68. Ke3 Rf8 69. Kd4 Rd8+ 70. Ke3 Nc3 71. Bc6 Nxa4 72. Bf3 Kc3 73. Bc6 Nc5 74. Kf4 Kd4 75. Kf5 Rf8+ 76. Kg6 Ke5 77. Bb5 Rf6+ 78. Kh7 Rb6 79. Bc4 Kf6 80. Bd5 Rb8 81. Bg8 Ne6 82. Kh8 Nf8 0-1

[Event "Toulouse"]
[Site "Toulouse"]
[Date "1993.??.??"]
[Round "1"]
[White "Kleinplatz, Sam"]
[Black "Pira, Davoud"]
[Result "1-0"]
[WhiteElo "2355"]
[BlackElo "2350"]
[PlyCount "54"]
[EventDate "1993.??.??"]
[EventType "tourn"]
[EventRounds "9"]
[EventCountry "FRA"]
[EventCategory "4"]
[SourceTitle "EXT 1999"]
[Source "ChessBase"]
[SourceDate "1998.11.16"]
[SourceVersion "1"]
[SourceVersionDate "1998.11.16"]
[SourceQuality "1"]

1. e4 c5 2. Nf3 e6 3. d4 cxd4 4. Nxd4 Nc6 5. Nc3 Qc7 6. Be3 a6 7. Be2 Nf6 8. 0-0 Bb4 9. Na4 0-0 10. Nxc6 bxc6 11. Qd4 Bd6 12. h3 Rb8 13. Qd3 Rb4 14. Nc5 a5 15. b3 Re8 16. c4 Bh2+ 17. Kh1 d5 18. f4 dxc4 19. bxc4 Rd8 20. Qc3 Bg3 21. Bc1 Bh4 22. Ba3 Qb6 23. Bxb4 axb4 24. Qe5 Rd2 25. Rad1 Rxa2 26. Qb8 Nd7 27. Qxc8+ Nf8 1-0

[Event "Benasque op"]
[Site "Benasque"]
[Date "1993.??.??"]
[Round "5"]
[White "Kleinplatz, Sam"]
[Black "Rivera Kuzawka, Daniel"]
[Result "0-1"]
[WhiteElo "2355"]
[BlackElo "2415"]
[PlyCount "73"]
[EventDate "1993.07.??"]
[EventType "swiss"]
[EventRounds "9"]
[EventCountry "ESP"]
[SourceTitle "TD"]
[Source "ChessBase"]
[SourceDate "1994.03.01"]
[SourceVersion "1"]
[SourceVersionDate "1994.03.01"]
[SourceQuality "1"]

1. e4 c5 2. Nf3 Nc6 3. d4 cxd4 4. Nxd4 Nf6 5. Nc3 d6 6. Bg5 e6 7. Qd2 a6 8. 0-0-0 h6 9. Be3 Qc7 10. f3 Rb8 11. g4 Ne5 12. g5 hxg5 13. Bxg5 b5 14. Re1 Be7 15. f4 Nc4 16. Bxc4 Qxc4 17. b3 Qc7 18. Qd3 b4 19. Nd1 Bb7 20. Nf2 Rc8 21. Re2 Nh5 22. h4 Qc3 23. Re3 Qxd3 24. Nxd3 f6 25. Nxe6 fxg5 26. hxg5 Kf7 27. Nd4 a5 28. Rf1 g6 29. e5 Ba6 30. Rff3 Ng7 31. exd6 Bxd6 32. Ne5+ Kg8 33. Ng4 Rh1+ 34. Kb2 Bc5 35. Ne6 Bxe3 36. Rxe3 Nf5 37. Re5 0-1

[Event "Hyeres op"]
[Site "Hyeres"]
[Date "1992.??.??"]
[Round "?"]
[White "Kleinplatz, Sam"]
[Black "Lebel, Patrick"]
[Result "1-0"]
[WhiteElo "2295"]
[BlackElo "2240"]
[PlyCount "79"]
[EventDate "1992.07.??"]
[EventType "swiss"]
[EventRounds "9"]
[EventCountry "FRA"]
[SourceTitle "TD"]
[Source "ChessBase"]
[SourceDate "1994.03.01"]
[SourceVersion "1"]
[SourceVersionDate "1994.03.01"]
[SourceQuality "1"]

1. e4 c6 2. d4 g6 3. Nc3 Bg7 4. Nf3 d5 5. h3 Nh6 6. Bg5 f6 7. Bf4 Nf7 8. exd5 cxd5 9. Bb5+ Nc6 10. 0-0 0-0 11. Bg3 Nd6 12. Ba4 e6 13. Bb3 Ne4 14. Bf4 Nxc3 15. bxc3 Na5 16. Qd3 Bd7 17. c4 dxc4 18. Bxc4 Nxc4 19. Qxc4 Rc8 20. Qb3 b5 21. Nd2 Qb6 22. Be3 Qc6 23. Rac1 Qd5 24. Qxd5 exd5 25. Nb3 Rc4 26. Nc5 Bf5 27. c3 h5 28. a4 bxa4 29. Ra1 Bc2 30. Rfc1 Bb3 31. Nxb3 axb3 32. Rxa7 Rfc8 33. Bd2 f5 34. Rb1 Rb8 35. Ra3 Rc6 36. Raxb3 Re8 37. Kf1 Rce6 38. Ra1 Re2 39. Re1 Rxe1+ 40. Bxe1 1-0